000 00474nam a2200121Ia 4500
008 220620s9999||||xx |||||||||||||| ||und||
245 0 _aDoing Critical and Creative Research in Adult Education
_bCase Studies in Methodology and Theory
546 _aEnglish[eng]
650 _aEducation||Adult education, continuous learning
700 _aGrummell, Bernie||Finnegan, Fergal
856 _uhttps://library.oapen.org/bitstream/20.500.12657/53849/1/9789004420755.pdf
942 _cEB
999 _c23177
_d23177